| 000 | 00733cam a2200241 a 4500 | ||
|---|---|---|---|
| 005 | 20260322212028.0 | ||
| 008 | data | ||
| 010 | _a 96019679 | ||
| 020 | _a1559345497(alk. paper) | ||
| 040 |
_aDLC _cDLC _dDLC |
||
| 050 | 0 | 0 |
_aGV1784 _b.K73 1996 |
| 082 | 0 | 0 |
_a793.3 _220 |
| 092 | _a793.3 K73 1996 | ||
| 100 | 1 | _aKraines, Minda Goodman. | |
| 245 | 1 | 0 |
_aJump into jazz : _ba primer for the beginning jazz dance student / _cMinda Goodman Kraines & Esther Pryor. |
| 250 | _a3rd ed. | ||
| 260 |
_aMountain View, Calif. : _bMayfield Pub., _cc1997. |
||
| 300 |
_axii, 208 p. : _bill. ; _c24 cm. |
||
| 504 | _aIncludes bibliographical references (p. 197-201) and index. | ||
| 650 | 0 | _aJazz dance. | |
| 700 | 1 | _aPryor, Esther. | |
| 001 | data | ||
| 999 |
_c651 _d651 |
||